000 00620nam a2200193 a 4500
001 000013281
005 20240412074238.0
008 091123s1999 dr 000 s spa d
040 _aDO-SdBNP
_bspa
_cBNPHU
082 _axxxx
_bT233p
100 1 _aTaveras Gúzman, Juan Arítides,
_d1934-
_930475
245 1 0 _aPreocupaciones ciudadanas /
_cJuan Arítides Taveras Gúzman.
260 _aSanto Domingo :
_bCentenario,
_c1999.
300 _a215 p. ;
_c23 cm.
500 _aIncluye datos biográficos del autor en la contracubierta.
650 4 _aDiscursos
_96584
650 0 _aLiteratura dominicana.
_967
049 _aBNPD
999 _c12911
_d12911